000 00385pab a2200145 454500
008 180718b1991 xxu||||| |||| 00| 0 eng d
100 _aCarchedi, G.
245 _aTechnological innovation, international production prices and exchange rates
260 _c1991
300 _a45-60
362 _aMar.
650 _aPrices
773 _aCambridge Journal of Economics
909 _a16098
999 _c16098
_d16098